| 000 | 00772nam a22002537a 4500 | ||
|---|---|---|---|
| 005 | 20170123162354.0 | ||
| 010 | _aB-080364 | ||
| 020 | _c100.00 | ||
| 035 | _aB-080364 | ||
| 037 | _bCen Lib/Ret | ||
| 040 |
_aDPL _bUR |
||
| 082 |
_a ن _bا ب ن |
||
| 100 |
_aابن صفی _9656 |
||
| 245 |
_a/ خون کا سمندر _cابن صفی |
||
| 246 |
_aKhoon ka samundar / _bby Abne Safi |
||
| 260 |
_aدہلی _bکتاب والا _c2003 |
||
| 270 |
_bدہلی _a٢٧٩٤، گلی جھوٹ والی پہاڑی بھوجلہ _e110006 |
||
| 300 |
_a160p. _c19cm(Hb) |
||
| 650 |
_aاردو ادب _9138370 |
||
| 650 |
_aاردو نا ول _9138371 |
||
| 650 |
_aUrdu litarature _9138372 |
||
| 650 |
_aUrdu novel _9138373 |
||
| 942 |
_2ddc _cUR _h ن _mا ب ن |
||
| 999 |
_c109497 _d109497 |
||